Ricostruisci la Carriera del Calciatore - Aaron Ramsey - Statistics

Statistiche generali
  • Questo quiz è stato fatto 22 volte
  • Il punteggio medio è 4 su 9
Statistiche sulle risposte
Hint Risposta % Corretto
2019-2022 Juventus
84%
2011-2019 Arsenal
63%
2006-2008 Cardiff City
63%
2022-2023 Nizza
47%
2010-2011 Nottingham Forest
47%
2023- Cardiff City
42%
2011 Cardiff City
37%
2008-2010 Arsenal
32%
2022 Rangers
26%
Nessun quiz corrispondente trovato
Distribuzione punteggi
Percentuale di utenti per punteggio
Percentile per numero di risposta
I tuoi punteggi nel tempo
Non hai fatto questo quiz